[Event "15th Capablanca Memorial"]
[Site "Cienfuegos CUB"]
[Date "1979.??.??"]
[Round "2"]
[White "Garcia Martinez, Silvino"]
[Black "Forintos, Gyozo"]
[Result "1/2-1/2"]
[WhiteElo "2465"]
[BlackElo "2425"]
[EventDate "1979.06.??"]
[PlyCount "23"]

1.e4 b6 2.d4 Bb7 3.Nd2 e6 4.Ngf3 c5 5.Bd3 cxd4 6.Nxd4 Nc6 7.Nxc6 Bxc6 8.
O-O d6 9.Qe2 Nf6 10.b3 Be7 11.Bb2 h5 12.Rad1 1/2-1/2

[Event "15th Capablanca Memorial"]
[Site "Cienfuegos CUB"]
[Date "1979.??.??"]
[Round "2"]
[White "Yusupov, Artur"]
[Black "Barreras, Alberto"]
[Result "1-0"]
[WhiteElo "2490"]
[BlackElo "2330"]
[EventDate "1979.06.??"]
[PlyCount "89"]

1.c4 g6 2.Nc3 Bg7 3.d4 d6 4.e4 Nc6 5.Be3 e5 6.Nge2 f5 7.dxe5 dxe5 8.Qxd8+ 
Nxd8 9.exf5 gxf5 10.f4 Ne6 11.O-O-O c6 12.fxe5 Bxe5 13.g3 Nf6 14.Bh3 Ng4 
15.Bxg4 fxg4 16.Rhf1 Rf8 17.Ne4 b6 18.Rxf8+ Kxf8 19.Rf1+ Kg8 20.Bh6 Ba6 
21.b3 Bb7 22.Nf6+ Bxf6 23.Rxf6 Re8 24.Nc3 Nd8 25.Rf4 Nf7 26.Rxg4+ Kh8 27.
Bg7+ Kg8 28.Ne4 Rxe4 29.Rxe4 Kxg7 30.Re7 Bc8 31.Rxa7 Bg4 32.Rb7 Kf6 33.
Rxb6 Ne5 34.a4 Bf3 35.a5 Nd7 36.Rb7 Ke6 37.a6 c5 38.Rc7 Kd6 39.Rc8 Nb6 40.
Rf8 Be4 41.Kd2 Kc7 42.Rf7+ Kc6 43.g4 Nc8 44.Ke3 Bg6 45.Rf8 1-0

[Event "15th Capablanca Memorial"]
[Site "Cienfuegos CUB"]
[Date "1979.??.??"]
[Round "2"]
[White "Fernandez Gonzalez, Juan Carlos"]
[Black "Christiansen, Larry Mark"]
[Result "1/2-1/2"]
[WhiteElo "2385"]
[BlackElo "2475"]
[EventDate "1979.06.??"]
[PlyCount "83"]

1.e4 g6 2.d4 Bg7 3.c4 d6 4.Nc3 e5 5.dxe5 dxe5 6.Qxd8+ Kxd8 7.Be3 Be6 8.Nf3
f6 9.O-O-O+ Nd7 10.c5 Bh6 11.Bxh6 Nxh6 12.h3 Ke7 13.c6 bxc6 14.Nd2 Nb6 15.
Ba6 Rab8 16.Nb3 Bxb3 17.axb3 Nf7 18.Kc2 Nd6 19.Ra1 Nd7 20.Bc4 Rb7 21.Ra6 
Nb6 22.Be2 h5 23.Rha1 Ndc8 24.R6a5 Rd8 25.g4 hxg4 26.hxg4 Rh8 27.g5 Rh2 
28.gxf6+ Kxf6 29.Rf1 Ne7 30.Nd1 Rh4 31.f3 Nd7 32.Ne3 Kf7 33.Ng4 c5 34.Ba6 
Rb6 35.Bc4+ Ke8 36.Rxa7 Nc6 37.Ra8+ Ke7 38.Rg8 Nd4+ 39.Kb1 Rh3 40.Rg7+ Kd8
41.Rg8+ Ke7 42.Rg7+ 1/2-1/2

[Event "15th Capablanca Memorial"]
[Site "Cienfuegos CUB"]
[Date "1979.??.??"]
[Round "5"]
[White "Vilela de Acuna, Jose Luis"]
[Black "Yusupov, Artur"]
[Result "0-1"]
[WhiteElo "2480"]
[BlackElo "2490"]
[EventDate "1979.06.??"]
[PlyCount "58"]

1.d4 Nf6 2.c4 e6 3.Nc3 Bb4 4.g3 d5 5.Bg2 O-O 6.Nf3 dxc4 7.O-O Nc6 8.Re1 
Nd5 9.Qc2 Be7 10.a3 Na5 11.e4 Nxc3 12.bxc3 Nb3 13.Rb1 b5 14.Bf4 Bb7 15.a4 
a6 16.h4 h6 17.Rbd1 Bd6 18.Ne5 Qe7 19.Qe2 Kh7 20.Qg4 Rad8 21.h5 Kh8 22.
Ng6+ fxg6 23.e5 Bxe5 24.Rxe5 Bxg2 25.Kxg2 g5 26.Rxe6 Qf7 27.Be3 Nc5 28.
dxc5 Rxd1 29.Qe4 Qxh5 0-1

[Event "15th Capablanca Memorial"]
[Site "Cienfuegos CUB"]
[Date "1979.??.??"]
[Round "6"]
[White "Sisniega Campbell, Marcel"]
[Black "Vilela de Acuna, Jose Luis"]
[Result "1-0"]
[WhiteElo "2390"]
[BlackElo "2480"]
[EventDate "1979.06.??"]
[PlyCount "89"]

1.c4 c5 2.Nc3 g6 3.Nf3 Bg7 4.d4 cxd4 5.Nxd4 Nc6 6.Nc2 Bxc3+ 7.bxc3 Qa5 8.
Qd2 Nf6 9.f3 d6 10.e4 Bd7 11.Ne3 Rc8 12.Rb1 b6 13.Be2 Ne5 14.O-O Be6 15.
Rb5 Qa4 16.Rb4 Qc6 17.Nd5 Qc5+ 18.Kh1 Bxd5 19.cxd5 Qxc3 20.Bb5+ Ned7 21.
Ra4 Qxd2 22.Bxd2 Rc7 23.Rc1 Rxc1+ 24.Bxc1 a5 25.Rc4 Kd8 26.Rc6 Nb8 27.Rxb6
Kc7 28.Be3 Nfd7 29.Bxd7 Nxd7 30.Ra6 Rb8 31.Rxa5 Rb1+ 32.Bg1 Ne5 33.Ra7+ 
Kd8 34.h3 g5 35.Kh2 Rb2 36.Kh1 Rb1 37.a4 h5 38.a5 g4 39.Ra8+ Kd7 40.hxg4 
hxg4 41.fxg4 Nxg4 42.a6 Nf2+ 43.Kh2 Ng4+ 44.Kg3 Rxg1 45.a7 1-0

[Event "15th Capablanca Memorial"]
[Site "Cienfuegos CUB"]
[Date "1979.??.??"]
[Round "11"]
[White "Fernandez Gonzalez, Juan Carlos"]
[Black "Sveshnikov, Evgeny"]
[Result "1/2-1/2"]
[WhiteElo "2385"]
[BlackElo "2545"]
[EventDate "1979.06.??"]
[PlyCount "37"]

1.c4 e6 2.Nf3 d5 3.d4 Nf6 4.Bg5 dxc4 5.Nc3 c5 6.e4 cxd4 7.Qxd4 Qxd4 8.Nxd4
a6 9.Bxc4 b5 10.Bd3 Bb7 11.f3 Nfd7 12.O-O-O h6 13.Be3 Be7 14.Kb1 O-O 15.
Rc1 Nc5 16.Be2 Rc8 17.Nd1 Nbd7 18.Nf2 Ne5 19.Rc2 1/2-1/2

[Event "15th Capablanca Memorial"]
[Site "Cienfuegos CUB"]
[Date "1979.??.??"]
[Round "11"]
[White "Garcia Martinez, Silvino"]
[Black "Estevez Morales, Guillermo"]
[Result "1/2-1/2"]
[WhiteElo "2465"]
[BlackElo "2345"]
[EventDate "1979.06.??"]
[PlyCount "23"]

1.e4 c5 2.Nf3 Nc6 3.d4 cxd4 4.Nxd4 g6 5.c4 Nf6 6.Nc3 d6 7.Be2 Nxd4 8.Qxd4 
Bg7 9.Bg5 O-O 10.Qd2 Be6 11.Rc1 a6 12.b3 1/2-1/2

[Event "15th Capablanca Memorial"]
[Site "Cienfuegos CUB"]
[Date "1979.??.??"]
[Round "12"]
[White "Sveshnikov, Evgeny"]
[Black "Yusupov, Artur"]
[Result "1/2-1/2"]
[WhiteElo "2545"]
[BlackElo "2490"]
[EventDate "1979.06.??"]
[PlyCount "33"]

1.e4 e5 2.Nf3 Nf6 3.Nxe5 d6 4.Nf3 Nxe4 5.d4 d5 6.Bd3 Be7 7.O-O Nc6 8.Re1 
Bg4 9.c4 Nf6 10.cxd5 Nxd5 11.Nc3 O-O 12.Be4 Be6 13.Qc2 h6 14.Bh7+ Kh8 15.
Bf5 Bxf5 16.Qxf5 Nxc3 17.bxc3 1/2-1/2